Rio de Janeiro - quiz wielokrotnego wyboru - Statystyki

Ogólne statystyki
  • Ten quiz został rozwiązany 514 razy
  • Średni wynik to 8 z 10
Statystyki odpowiedzi
Zagadnienie Odpowiedź % Poprawnych
Które z tych znanych miejsc znajduje się w Rio? Chrystus Zbawiciel
100%
Czym jest fawela? Dzielnicą slumsów
89%
Czym są Copacabana oraz Ipanema? Plażami
89%
Kiedy Rio było gospodarzem letnich Igrzysk Olimpijskich? 2016
82%
Który z tych tańców pochodzi z Rio i innych Brazylijskich miast? Samba
81%
Akcja którego z tych filmów odbywa się w Rio? Miasto Boga
78%
Słynny Karnawał w Rio odbywa się tuż przed jakim religijnym wydarzeniem? Wielki Post
78%
Jakie zwierzę jest głównym bohaterem filmu "Rio"? Ara
70%
Jaki pisarz, urodzony w Rio, napisał "Alchemika"? Paulo Coelho
60%
Jaka góra przy przystani w Rio jest nazwana po swoim charakterystycznym krztałcie? Głowa Cukru
41%
Nie znaleziono quizów pasujących do podanych kryteriów
Rozkład punktacji
Procent ludzi z każdym wynikiem
Percentyl według liczby udzielonych odpowiedzi
Twoja historia wyników
Nie rozwiązałeś tego quizu